| 000 | 00539 a2200157 4500 | ||
|---|---|---|---|
| 020 | _a0763728772 | ||
| 040 |
_aDLC _bDLC |
||
| 082 | _a515 | ||
| 100 | 1 | _aBlume, Frank. | |
| 245 | 1 | 0 |
_aApplied calculus for scientists and engineers: a journey in dialogues _ba journey in dialogues _cFrank Blume ; with contributions from Calvin Piston. |
| 260 |
_aSudbury, Mass. : _bJones and Bartlett Publishers, _cc2005. |
||
| 300 |
_aviii, 869 p. : _bill. ; _c29 cm. |
||
| 650 | 0 | _aCalculus. | |
| 700 | 1 | _aPiston, Calvin Edward. | |
| 942 |
_cBK _k515 BLU _2ddc |
||
| 999 |
_c7537 _d7537 |
||